000 00205nam a2200085Ia 4500
008 120527s9999 xx 000 0 und d
100 _aPojman, P.Loius
245 _aPhilosohy:the guest for truth
942 _cBK
999 _c27401
_d27401